Statistics for State Flag of Malaysia (One Minutes Challenge)

Click here to take the quiz!

General Stats

  • This quiz has been taken 265 times
  • The average score is 10 of 13

Answer Stats

Answer% Correct
Kedah
91%
Johor
90%
Sarawak
90%
Penang
88%
Perlis
88%
Sabah
88%
Selangor
84%
Perak
75%
Malacca
66%
Negeri Sembilan
66%
Kelantan
64%
Pahang
63%
Terengganu
56%

Score Distribution

Percentile by Number Answered

Percent of People with Each Score

Your Score History

You have not taken this quiz